| 000 | 00716nam a22002297a 4500 | ||
|---|---|---|---|
| 999 |
_c15720 _d15720 |
||
| 003 | MIRAKIL | ||
| 005 | 20240321134748.0 | ||
| 008 | 240321b tu ||||| |||| 00| 0 tur d | ||
| 020 | _a9789751752840 | ||
| 040 |
_aTR-AnCHP _cTR-AnCHP |
||
| 041 | _atur | ||
| 082 |
_a415 _bT34t 2022 |
||
| 100 | _aTekin, Talat | ||
| 245 | 1 | 0 |
_aTürk dillerinde birincil uzun ünlüler / _cTalat Tekin. |
| 260 |
_aAnkara: _bTürk Dil Kurumu Yayınları, _c2022. |
||
| 300 |
_a198 s. : _c24 cm. |
||
| 490 | 0 |
_aTürk Dil Kurumu Yayınları: _v1507. |
|
| 504 | _aKaynakça vardır. | ||
| 650 | 0 |
_97716 _aTürk dili |
|
| 856 | _zDijital Nüshası için Partimizin Kütüphane Sorumlusu ile iletişime geçiniz. | ||
| 942 |
_2ddc _cBKS |
||